| 000 | 00000nam##2200000za#4500 |
| 001 | 9.685770 |
| 003 | CaOODSP |
| 005 | 20210624230232 |
| 007 | cr ||||||||||| |
| 008 | 150407|1999||||xxc|||||o f|0| 0 eng|d |
| 020 | |a0-662-28189-6 |
| 040 | |aCaOODSP|beng |
| 043 | |an-cn--- |
| 086 | 1 |aH39-509/1999E-IN |
| 110 | 1 |aCanada. |bHealth Canada. |
| 245 | 10|aTalking tools I : |h[electronic resource]|bbetter physician-patient communication for better patient outcomes |
| 260 | |aOttawa - Ontario : |bHealth Canada |c[1999]. |
| 300 | |a86p.|billus., references, photographs |
| 500 | |a"An interactive presentation for practising physicians"--p.1 of 86. -- "This presentation kit and video have been developed as part of the Canadian Breast Cancer Initiative, Health Canada"--p.2 of 86. |
| 590 | |a12-26-Supp|b2012-06-07 |
| 690 | 07|aHealth care|2gcpds |
| 690 | 07|aInterpersonal relations|2gcpds |
| 690 | 07|aOral communication|2gcpds |
| 775 | 08|tOutils de communication I : |w(CaOODSP)9.630361 |
| 856 | 40|ahttp://publications.gc.ca|qPDF|s787 KB|uhttps://publications.gc.ca/collections/collection_2012/sc-hc/H39-509-1999-eng.pdf |